| 000 | 01810cac a22003131u 4500 | ||
|---|---|---|---|
| 090 | _c7549 | ||
| 008 | 090119t 2004xxu||||| |||| 00| 0 eng d | ||
| 010 | _a 2003022255 | ||
| 020 | _a0787969176(alk. paper) | ||
| 082 | 0 | 0 |
_a658.15224 _bKLE |
| 100 | _aKlein, Kim. | ||
| 245 | 1 | 0 |
_aFundraising in times of crisis / _cKim Klein. |
| 250 | _a1st ed. | ||
| 260 |
_aSan Francisco : _bJossey-Bass, _cc2004. |
||
| 260 | _bDistributer: Al-Ahram | ||
| 300 |
_axiv, 175 p. ; _c23 cm. |
||
| 440 | 0 | _aChardon Press series | |
| 504 | _aIncludes bibliographical references (p. 165-168) and index. | ||
| 505 | 0 | _aThe perfect storm -- Cultural factors that lead to crisis -- Are you in a crisis? -- Immediate steps for managing a crisis -- Mission, message, and damage control -- Successful fundraising during and after a crisis -- Designing your short-term strategy -- Fundraising strategies for the next six to twelve months -- Fundraising strategies with long-term payoff -- Permanent course correction -- Conquering tomorrows crises today. | |
| 650 | 0 |
_aFund raising _zUnited States. |
|
| 650 | 0 |
_aFinancial crises _zUnited States. |
|
| 650 | 0 |
_aNonprofit organizations _zUnited States _xFinance. |
|
| 856 | 4 | 2 |
_3Contributor biographical information _uhttp://www.loc.gov/catdir/bios/wiley046/2003022255.html |
| 856 | 4 | 2 |
_3Publisher description _uhttp://www.loc.gov/catdir/description/wiley041/2003022255.html |
| 856 | 4 | 2 |
_3Table of contents _uhttp://www.loc.gov/catdir/toc/wiley041/2003022255.html |
| 942 |
_cNB _k658.15224KLE _2ddc |
||
| 999 |
_c7549 _d7549 |
||